US-Staatenhauptstädte nach Buchstabennummern - Statistiken

Allgemein
  • Dieses Quiz wurde 24 mal gespielt
  • Das Durchschnittsergebnis liegt bei 11 aus 15
Antwortstatistiken
Code US-Staatenhauptstadt % Korrekt
4 5 14 22 5 18 Denver
94%
2 15 19 20 15 14 Boston
89%
1 12 2 1 14 25 Albany
83%
2 15 9 19 5 Boise
83%
3 8 5 25 5 14 14 5 Cheyenne
83%
8 15 14 15 12 21 12 21 Honolulu
83%
18 1 12 5 9 7 8 Raleigh
78%
19 1 3 18 1 13 5 14 20 15 Sacramento
78%
18 9 3 8 13 15 14 4 Richmond
72%
19 1 12 5 13 Salem
72%
16 8 15 5 14 9 24 Phoenix
67%
1618 15 22 9 4 5 14 3 5 Providence
61%
9 14 4 9 1 14 1 16 15 12 9 19 Indianapolis
56%
13 15 14 20 7 15 13 5 18 25 Montgomery
56%
14 1 19 8 22 9 12 12 5 Nashville
56%
Keine übereinstimmenden Quizze gefunden
Verteilung der Resultate
Anzahl Personen mit jedem Resultat
Perzentil nach korrekt beantworteten Fragen
Ihre Resultats-Entwicklung
Sie haben dieses Quiz noch nicht gespielt